<?xml version="1.0" encoding="UTF-8"?><?xml-stylesheet type="text/xsl" href="static/style.xsl"?><OAI-PMH xmlns="http://www.openarchives.org/OAI/2.0/" xmlns:xsi="http://www.w3.org/2001/XMLSchema-instance" xsi:schemaLocation="http://www.openarchives.org/OAI/2.0/ http://www.openarchives.org/OAI/2.0/OAI-PMH.xsd"><responseDate>2026-04-13T04:57:34Z</responseDate><request verb="GetRecord" identifier="oai:www.recercat.cat:2099.1/19810" metadataPrefix="marc">https://recercat.cat/oai/request</request><GetRecord><record><header><identifier>oai:recercat.cat:2099.1/19810</identifier><datestamp>2025-07-22T22:50:12Z</datestamp><setSpec>com_2072_1033</setSpec><setSpec>col_2072_452951</setSpec></header><metadata><record xmlns="http://www.loc.gov/MARC21/slim" xmlns:dcterms="http://purl.org/dc/terms/" xmlns:xsi="http://www.w3.org/2001/XMLSchema-instance" xmlns:doc="http://www.lyncode.com/xoai" xsi:schemaLocation="http://www.loc.gov/MARC21/slim http://www.loc.gov/standards/marcxml/schema/MARC21slim.xsd">
   <leader>00925njm 22002777a 4500</leader>
   <datafield ind2=" " ind1=" " tag="042">
      <subfield code="a">dc</subfield>
   </datafield>
   <datafield ind2=" " ind1=" " tag="720">
      <subfield code="a">Puig Becerra, Carles</subfield>
      <subfield code="e">author</subfield>
   </datafield>
   <datafield ind2=" " ind1=" " tag="260">
      <subfield code="c">2011-10-17</subfield>
   </datafield>
   <datafield ind2=" " ind1=" " tag="520">
      <subfield code="a">[CASTELLÀ] En nuestro país el hormigón ha sido siempre el material más utilizado para&#xd;
numerosas estructuras. Esto es debido a su bajo coste en el mercado y la fácil&#xd;
disposición de todas las materias primeras que lo componen. Por estos dos&#xd;
motivos durante estos últimos años se ha profundizado en la utilización de otras&#xd;
tipologías de hormigón no tan extendidas como el hormigón armado, y éstas son&#xd;
por ejemplo el hormigón proyectado o el hormigón con fibras.&#xd;
El hormigón con fibras que es el objeto del presente estudio es una tipología&#xd;
casi inexplorada. Aunque ya se han presentado una serie de estudios referentes a&#xd;
este tema, debido a su poco uso, no se ha propuesto seguir profundizando en este&#xd;
tema tanto como en otros, como es el caso del hormigón armado que ya se&#xd;
encuentra en una fase mucho más avanzada.&#xd;
Dentro del mundo del hormigón con fibras, aparecen distintas variantes&#xd;
según la tipología de fibras utilizada.  Entre ellas se encuentran las fibras plásticas,&#xd;
de acero o de……. . En el presente estudio tratará con fibras de acero y se pretende&#xd;
presentar una nueva tipología de ensayo, que aunque ya ha sido utilizada en&#xd;
estudios previos, presenta condiciones de contorno diferentes tan importantes&#xd;
como la misma geometría de la probeta.</subfield>
   </datafield>
   <datafield ind2=" " ind1=" " tag="520">
      <subfield code="a">[ANGLÈS] In our country the concrete has always been the most widely used material&#xd;
for many structures. This is due to its low cost in the market and readily available&#xd;
to all raw materials that compose it. For these two reasons in recent years has&#xd;
examined the use of other types of concrete is not as widespread as reinforced&#xd;
concrete, and these are projected concrete or concrete with fibers.&#xd;
The fiber concrete that is the subject of this study is a typology largely&#xd;
unexplored. Although there have been a series of studies on this subject, due to its&#xd;
low usage, has not proposed further research into the issue as much as in others,&#xd;
such as reinforced concrete that is already at a stage much advanced.&#xd;
Within the world of fiber concrete, are different variants depending on the&#xd;
type of fibers used. These include plastic fibers, steel or ... .... . In the present study&#xd;
deal with steel fibers and is intended to provide a new type of trial, although it has&#xd;
been used in previous studies, presents different boundary conditions as&#xd;
important as the geometry of the specimen.</subfield>
   </datafield>
   <datafield tag="653" ind2=" " ind1=" ">
      <subfield code="a">Àrees temàtiques de la UPC::Enginyeria civil::Materials i estructures::Materials i estructures de formigó</subfield>
   </datafield>
   <datafield tag="653" ind2=" " ind1=" ">
      <subfield code="a">Àrees temàtiques de la UPC::Edificació::Materials de construcció::Formigó</subfield>
   </datafield>
   <datafield tag="653" ind2=" " ind1=" ">
      <subfield code="a">Reinforced concrete construction</subfield>
   </datafield>
   <datafield tag="653" ind2=" " ind1=" ">
      <subfield code="a">Construcció en formigó armat amb fibres</subfield>
   </datafield>
   <datafield ind2="0" ind1="0" tag="245">
      <subfield code="a">Comportamiento mecánico del hormigón con fibras metálicas</subfield>
   </datafield>
</record></metadata></record></GetRecord></OAI-PMH>